000 01905nam0a22003611 4500
001 rc\4795078
005 20260406070937.0
010 _bВ пер.
_d73 к.
_9115000
021 _aRU
_b[65-81550]
035 _a(NLR Aleph) 008790175
090 _a8036053
_c8036053
100 _a20130426d1965 |||y0rusy50 ca
101 0 _arus
102 _aRU
105 _aa z |||ac
200 1 _aПервая Всероссийская
_eроман-хроника [о семье Ульяновых]
_fМариэтта Шагинян
210 _a[Москва]
_c"Молодая гвардия"
_d1965
215 _a366 с., 16 л. ил.
_d21
300 _aПродолжение книги: Семья Ульяновых : роман-хроника / Мариэтта Шагинян. - Москва : Молодая гвардия, 1958
600 1 _aУльянов
_bИ.Н.
_f1831 - 1886
_gИлья Николаевич
_xв художественной литературе
_91836718
_3RU\NLR\AUTH\661122876
600 1 _aУльянова
_bМ.А.
_f1835 - 1916
_gМария Александровна
_xв художественной литературе
_91836763
_3RU\NLR\AUTH\661122899
602 _aУльяновы
_cсемья
_xв художественной литературе
_91838233
_3RU\NLR\AUTH\661123626
686 1 _aТ3(2)71-8
686 1 _aА35
700 1 _4570
_7ca
_arus
_aШагинян
_bМ. С.
_gМариэтта Сергеевна
_f1888-1982
_3RU\NLR\AUTH\7727470
_910502
702 1 _4570
_7ca
_8rus
_aУльянов
_bИ. Н.
_f1831-1886
_gИлья Николаевич
_92648025
_3RU\NLR\AUTH\770276058
702 1 _4570
_7ca
_8rus
_aУльянова
_bМ. А.
_cпедагог
_f1835-1916
_gМария Александровна
_92648029
_3RU\NLR\AUTH\770276062
801 0 _aRU
_bNLR
_gpsbo
801 1 _aRU
_bELAR
_2rusmarc
852 _aNLR
_j65-3/5673
942 _cBOOK
980 _aNB